Na przykład "Comoedia" Józefa Maślińskiego
| Titel: | Na przykład "Comoedia" Józefa Maślińskiego |
|---|---|
| Verfasser: | |
| In: |
Wilno teatralne, (1998), Seite 388-402 alle Artikel anzeigen |
| Veröffentlicht: | 1998 |
| Format: | Aufsatz |
| Sprache: | Polnisch |
X
alg: 39245078 001A $01999:11-11-16 001B $01999:17-05-21 $t20:32:16.000 001D $01999:11-11-16 001U $0utf8 001X $00 002@ $0Aox 003@ $039245078X 007A $039245078X $aHEB 007T $0Herdc0020967v 010@ $apol 011@ $a1998 021A $aNa przykład "Comoedia" Józefa Maślińskiego 028A $aCiechowicz $dJan 031A $h388-402 $j1998 039B $aIn $8--Aau--. Wilno teatralne. - Wyd. 1. - Warszawa, 1998. - 511 S.. - Ill.. - ISBN 83-87789-02-X $x199800000000000612 $9091163048 045F $a929.094793 $eDDC23BSB 045F/01 $a929 045F/03 $g4793 045F/03 $g438 lok: 39245078 78 exp: 39245078 78 1 #EPN 201B/01 $019-04-17 $t11:16:03.000 201U/01 $0utf8 203@/01 $0788548522 208@/01 $a11-11-16 $be 209A/01 $a/ $f000 $x00 220C/01 $aHerkunft: LII / T. Baranauskas 244Z/01 $2Trx $#Poola $#Lenkija $#Polija $#Polen Land $#Poland $#Lengyelország $#Poľsko $#Polsko $8--Trx--Polska$gkraj $x01 $9391345966 244Z/01 $2Trx $#Litauen $#Lithuania $#Litwa $#Litva $#Litva $8--Trx--Lietuva $x02 $9391193457 244Z/01 $aGeschichte 1910-2002 $x03 244Z/01 $2Trx $8--Trx--Maśliński, Józef$Z1910-2002 $x04 $9390936928 244Z/01 $2Trx $#kirjanikud $#rašytojai $#writers $#írók $#pisarze $#spisovatelia $#spisovatelé $8--Trx--Schriftsteller $x05 $9391382659 244Z/01 $2Trx $8--Trx--Einzelbeiträge $x06 $9391384570 245Z/01 $a12.03 $x01 247C/01 $82080>Marburg/Lahn, Herder-Institut, Forschungsbibliothek, Bibliographieportal $9336309341
| LEADER | 00000caa a22000002c 4500 | ||
|---|---|---|---|
| 001 | 39245078X | ||
| 003 | DE-603 | ||
| 005 | 20210517203216.0 | ||
| 007 | tu | ||
| 008 | 161111s1998 xx |||| | u00||u|pol c | ||
| 035 | |a (DE-599)HEB39245078X | ||
| 040 | |a DE-603 |b ger |c DE-603 |d DE-603 | ||
| 041 | |a pol | ||
| 082 | 0 | 4 | |8 1\u |a 929.094793 |q DE-101 |2 23/BSB |
| 085 | |8 1\u |b 929 | ||
| 085 | |8 1\u |z 2 |s 4793 | ||
| 085 | |8 1\u |z 2 |s 438 | ||
| 100 | 1 | |a Ciechowicz, Jan | |
| 245 | 0 | 0 | |a Na przykład "Comoedia" Józefa Maślińskiego |
| 264 | 0 | |c 1998 | |
| 773 | 0 | 8 | |i In |t Wilno teatralne |b Wyd. 1 |d Warszawa, 1998 |h 511 S., Ill. |z 838778902X |z 8385161775 |z 8390887118 |g (1998), Seite 388-402 |w (DE-603)091163048 |
| 924 | 0 | |9 2080 |a (DE-603)788548522 |b DE-2080 |c HES |d d |g / | |


